[Event "Asuncion CIT op"]
[Site "Asuncion"]
[Date "2023.08.17"]
[Round "8"]
[White "Ruiz Espinola, Osvaldo German"]
[Black "Gonzalez Ortiz, Veronica Gisselle"]
[Result "0-1"]
[WhiteElo "1163"]
[BlackElo "1114"]
[PlyCount "86"]
[EventDate "2023.08.12"]
[EventType "swiss"]
[EventRounds "9"]
[EventCountry "PAR"]
[SourceTitle "CBM 215 Extra"]
[Source "ChessBase"]
[SourceDate "2023.09.30"]
[SourceVersion "1"]
[SourceVersionDate "2023.09.30"]
[SourceQuality "1"]

1. e4 e5 2. Nf3 Nc6 3. d4 exd4 4. Nxd4 Bc5 5. Be3 Qf6 6. Nxc6 Bxe3 7. fxe3 Qh4+ 8. g3 Qxe4 9. Nd4 Qxh1 10. Nc3 Qxh2 11. Qf3 Ne7 12. 0-0-0 0-0 13. Bc4 Qh6 14. Rf1 d5 15. Nxd5 Nxd5 16. Bxd5 Be6 17. Be4 g6 18. Rh1 Qg7 19. g4 c6 20. Nf5 gxf5 21. gxf5 Bd5 22. f6 Bxe4 23. Qxe4 Qg6 24. Qf3 Kh8 25. e4 Rae8 26. Re1 Re6 27. Qa3 Ra8 28. Kb1 Rxe4 29. Rf1 Qxf6 30. Qd3 Qe5 31. Qd2 Re8 32. Rc1 Re1 33. c3 Rxc1+ 34. Qxc1 Qe1 35. Qxe1 Rxe1+ 36. Kc2 Re3 37. Kb3 h5 38. a4 h4 39. Kb4 h3 40. c4 h2 41. Ka5 h1Q 42. b4 Ra3 43. c5 Qa1 0-1

[Event "Asuncion CIT op"]
[Site "Asuncion"]
[Date "2023.08.16"]
[Round "7"]
[White "Serafim, Paulo Rogerio"]
[Black "Gonzalez Ortiz, Veronica Gisselle"]
[Result "1-0"]
[WhiteElo "1460"]
[BlackElo "1114"]
[PlyCount "95"]
[EventDate "2023.08.12"]
[EventType "swiss"]
[EventRounds "9"]
[EventCountry "PAR"]
[SourceTitle "CBM 215 Extra"]
[Source "ChessBase"]
[SourceDate "2023.09.30"]
[SourceVersion "1"]
[SourceVersionDate "2023.09.30"]
[SourceQuality "1"]

1. c4 e5 2. Nc3 Nc6 3. e3 Nf6 4. Nf3 d5 5. cxd5 Nxd5 6. Bb5 Nxc3 7. bxc3 Bd6 8. d4 exd4 9. cxd4 Bd7 10. 0-0 0-0 11. a4 a6 12. Be2 Bf5 13. Ba3 Bxa3 14. Rxa3 Qd6 15. Rc3 Rfd8 16. Qb3 Rab8 17. Rfc1 Be6 18. Qb1 Rdc8 19. Ng5 h6 20. Qh7+ Kf8 21. Qh8+ Ke7 22. Nxe6 Qxe6 23. Qxg7 Rg8 24. Qh7 Qg6 25. Qxg6 Rxg6 26. d5 Rbg8 27. Bf1 Ne5 28. Rxc7+ Kd6 29. Rxb7 Nf3+ 30. Kh1 Nd2 31. Rb6+ Ke5 32. Rxg6 Rxg6 33. Be2 Rd6 34. Rd1 Ne4 35. Kg1 Nc3 36. f4+ Ke4 37. Bf3+ Kxe3 38. Re1+ Kxf4 39. Re7 f5 40. Re6 Rd7 41. Rxa6 Nxd5 42. Rxh6 Ne3 43. Ra6 Nc2 44. a5 Ne1 45. Bc6 Rd6 46. Rb6 Nd3 47. Bb5 Rd4 48. Rc6 1-0

[Event "Asuncion CIT op"]
[Site "Asuncion"]
[Date "2023.08.15"]
[Round "6"]
[White "Gonzalez Ortiz, Veronica Gisselle"]
[Black "Vazquez, Alejandro1111"]
[Result "1/2-1/2"]
[WhiteElo "1114"]
[BlackElo "1491"]
[PlyCount "71"]
[EventDate "2023.08.12"]
[EventType "swiss"]
[EventRounds "9"]
[EventCountry "PAR"]
[SourceTitle "CBM 215 Extra"]
[Source "ChessBase"]
[SourceDate "2023.09.30"]
[SourceVersion "1"]
[SourceVersionDate "2023.09.30"]
[SourceQuality "1"]

1. e4 e5 2. Nf3 Nc6 3. d4 exd4 4. Bc4 Bb4+ 5. c3 dxc3 6. bxc3 Ba5 7. Bb2 Nf6 8. 0-0 0-0 9. Nbd2 d6 10. Re1 Bb6 11. h3 Re8 12. Qc2 Be6 13. Nd4 Bd7 14. Bb3 Ne5 15. Nc4 Bc5 16. Re2 Nh5 17. Bc1 Qh4 18. Nxe5 dxe5 19. Nf3 Qe7 20. Bg5 Nf6 21. Rd1 Bc6 22. Nh4 g6 23. Nxg6 hxg6 24. Rd3 Rad8 25. Bxf6 Qxf6 26. Rf3 Qg5 27. Bxf7+ Kg7 28. Kh2 Rd6 29. Bxe8 Bxe8 30. Rd3 Qf4+ 31. g3 Qf6 32. Rxd6 cxd6 33. c4 Bd7 34. Kg2 Qe6 35. g4 Qf7 36. Qd3 1/2-1/2

[Event "Asuncion CIT op"]
[Site "Asuncion"]
[Date "2023.08.14"]
[Round "4"]
[White "Franco Franchi, Renato"]
[Black "Gonzalez Ortiz, Veronica Gisselle"]
[Result "1-0"]
[WhiteElo "1513"]
[BlackElo "1114"]
[PlyCount "59"]
[EventDate "2023.08.12"]
[EventType "swiss"]
[EventRounds "9"]
[EventCountry "PAR"]
[SourceTitle "CBM 215 Extra"]
[Source "ChessBase"]
[SourceDate "2023.09.30"]
[SourceVersion "1"]
[SourceVersionDate "2023.09.30"]
[SourceQuality "1"]

1. e4 e5 2. Nf3 Nc6 3. Bc4 Bc5 4. d3 Nf6 5. Nbd2 0-0 6. h3 h6 7. Nf1 d6 8. Ng3 Na5 9. Bb5 c6 10. Ba4 b5 11. Bb3 Nxb3 12. axb3 Be6 13. 0-0 Qe7 14. Nh4 Kh7 15. Nhf5 Bxf5 16. Nxf5 Qd7 17. Kh2 d5 18. Qf3 Qe6 19. Qg3 Rg8 20. Qh4 Ne8 21. Bg5 Nd6 22. Ne7 Nxe4 23. dxe4 Bxe7 24. Bxe7 g5 25. exd5 cxd5 26. Qb4 a5 27. Qd6 Qxd6 28. Bxd6 e4 29. Rad1 Rac8 30. c4 1-0

[Event "Asuncion CIT op"]
[Site "Asuncion"]
[Date "2023.08.13"]
[Round "2"]
[White "Del Puerto Moreno, Juan Jose"]
[Black "Gonzalez Ortiz, Veronica Gisselle"]
[Result "0-1"]
[WhiteElo "1467"]
[BlackElo "1114"]
[PlyCount "88"]
[EventDate "2023.08.12"]
[EventType "swiss"]
[EventRounds "9"]
[EventCountry "PAR"]
[SourceTitle "CBM 215 Extra"]
[Source "ChessBase"]
[SourceDate "2023.09.30"]
[SourceVersion "1"]
[SourceVersionDate "2023.09.30"]
[SourceQuality "1"]

1. e4 e5 2. Nf3 Nc6 3. d4 exd4 4. Nxd4 Bc5 5. Nxc6 bxc6 6. Bc4 d6 7. Qf3 Qf6 8. Nd2 Qxf3 9. Nxf3 Be6 10. Ba6 Rb8 11. 0-0 Nf6 12. Bd3 0-0 13. h3 Nd7 14. a3 a5 15. b3 f6 16. Bd2 Bb6 17. a4 Ra8 18. Bc3 Ne5 19. Nxe5 fxe5 20. Rad1 Rfe8 21. Kh1 Rf8 22. Rd2 Rae8 23. Re2 Rf7 24. Bd2 Ref8 25. c4 Ra8 26. g4 Bd4 27. Kg2 Rf6 28. Kg3 Rg6 29. f4 exf4+ 30. Kf3 Be5 31. Rg2 Rf6 32. h4 Rf7 33. Rh1 Rff8 34. h5 Ra7 35. g5 Raa8 36. g6 h6 37. Bf1 Rab8 38. Bxa5 Rxb3+ 39. Kf2 Bd4+ 40. Ke1 Bb6 41. Bd2 Rb1+ 42. Bc1 Rxc1+ 43. Kd2 Be3+ 44. Kd3 Bxc4# 0-1